000 00333nam a2200133Ia 4500
008 150731s2008 xx 000 0 und d
082 _a611
_bC 08 R
100 _aROMANES, G.J.
245 _aCUNNINGHAM'S MANUAL OF PRACTICAL ANATOMY15
250 _a15 TH
260 _bOXFORD PUB. INDIA
_c2008
300 _a263
942 _2ddc
_cBK
_043
999 _c7975
_d7975